| 000 | 00442nam a2200157 a 4500 | ||
|---|---|---|---|
| 001 | 000039900 | ||
| 003 | DO-SdBNP | ||
| 005 | 20250714110621.0 | ||
| 008 | 130729s1978 dr 000 0 spa d | ||
| 040 |
_aDO-SdBNP _bspa _cBNPHU |
||
| 110 | 2 |
_aBanco Central de la República Dominicana _983405 |
|
| 245 | 1 | 0 | _aFuentes y usos de fondos 1977 |
| 260 |
_aSanto Domingo : _bBanco Central, _c1978. |
||
| 300 |
_a80 p. ; _c28 cm. |
||
| 942 |
_2ddc _cLBS1 |
||
| 999 |
_c39390 _d39390 |
||